=LDR 00000nam 2200000 4500 =001 INLIS000000000004151 =005 20130612092431 =008 ***********************************Ind** =035 ##$$0010-061300000004151 =041 ##$$a Ind =082 ##$$a 92 (AL-QADRI) =090 ##$$a 92 (AL-QADRI), Alq m =100 ##$$a ALQEDNI =245 ##$$a Mengarungi Indonesia : Memoar Perintis Kemerdekaan / Disunting oleh Hamid Basyaib. -- =260 ##$$a 1999 $b Jakarta : Lentera =300 ##$$a viii, 270 hlm. ; 22 cm =700 ##$$a Alqadni, Hamid